[Event "Paracin op-A 18th"]
[Site "Paracin"]
[Date "2025.07.09"]
[Round "6"]
[White "Ramaj, Ergit"]
[Black "Srihari, Lakshmi"]
[Result "0-1"]
[WhiteElo "2200"]
[BlackElo "2353"]
[PlyCount "78"]
[EventDate "2025.07.04"]
[EventType "swiss"]
[EventRounds "9"]
[EventCountry "SRB"]
[SourceTitle "CB29_2025"]
[SourceDate "2025.07.16"]
[SourceVersion "1"]
[SourceVersionDate "2025.07.16"]
[SourceQuality "1"]

1. e4 c6 2. d4 d5 3. exd5 cxd5 4. Bd3 Nc6 5. c3 e6 6. Bf4 Bd6 7. Bxd6 Qxd6 8. Nf3 Nge7 9. 0-0 0-0 10. Re1 f6 11. c4 Bd7 12. Nc3 a6 13. a3 Rac8 14. Rc1 Kh8 15. Bf1 g5 16. c5 Qc7 17. h3 Ng6 18. Na4 Rce8 19. Nb6 Nce7 20. Nh2 Nf5 21. Ng4 Bc6 22. Ne3 Nxe3 23. Rxe3 e5 24. dxe5 fxe5 25. Qd2 d4 26. Ree1 Rf4 27. Nc4 g4 28. g3 gxh3 29. Bxh3 Qg7 30. Kh2 Qh6 31. Rg1 Bd7 32. g4 Ref8 33. Rcf1 Qh4 34. Rg3 Bxg4 35. f3 Rxf3 36. Rfxf3 Rxf3 37. Rxf3 Bxf3 38. Nd6 Nf4 39. Nf7+ Kg7 0-1

[Event "Titled Tuesday intern op 06th May Early"]
[Site "Chess.com INT"]
[Date "2025.05.06"]
[Round "5"]
[White "Alavkin, Arseny Nailievich"]
[Black "Srihari, Lakshmi"]
[Result "0-1"]
[WhiteElo "2367"]
[BlackElo "2353"]
[PlyCount "84"]
[EventDate "2025.05.06"]
[EventType "swiss (blitz)"]
[EventRounds "11"]
[EventCountry "USA"]
[SourceTitle "CB20_2025"]
[SourceDate "2025.05.14"]
[SourceVersion "1"]
[SourceVersionDate "2025.05.14"]
[SourceQuality "1"]

1. d4 Nf6 2. c4 g6 3. Nc3 Bg7 4. e4 d6 5. Be2 0-0 6. Bg5 Qe8 7. Nf3 e5 8. d5 a5 9. 0-0 Na6 10. Nd2 h6 11. Be3 Bd7 12. b3 Qe7 13. a3 Nh7 14. Rb1 Nc5 15. b4 axb4 16. axb4 Na4 17. Nxa4 Bxa4 18. Qc1 Bd7 19. c5 f5 20. f3 g5 21. b5 f4 22. Bf2 h5 23. b6 Rac8 24. bxc7 Rxc7 25. cxd6 Qxd6 26. Rb6 Rxc1 27. Rxd6 Rc2 28. Rxd7 Rxd2 29. Bc4 Rc8 30. Bb5 Bf8 31. Rxb7 Rcc2 32. Ba4 Rxf2 33. Bxc2 Rxc2 34. Rd1 Bd6 35. Rd7 Bc5+ 36. Kh1 Nf6 37. Rc7 Ne8 38. Rc8 Kf7 39. h4 g4 40. fxg4 hxg4 41. h5 f3 42. gxf3 g3 0-1

[Event "Titled Tuesday intern op 06th May Early"]
[Site "Chess.com INT"]
[Date "2025.05.06"]
[Round "8"]
[White "Srihari, Lakshmi"]
[Black "Kambrath, Yannick"]
[Result "1-0"]
[WhiteElo "2353"]
[BlackElo "2389"]
[PlyCount "25"]
[EventDate "2025.05.06"]
[EventType "swiss (blitz)"]
[EventRounds "11"]
[EventCountry "USA"]
[SourceTitle "CB20_2025"]
[SourceDate "2025.05.14"]
[SourceVersion "1"]
[SourceVersionDate "2025.05.14"]
[SourceQuality "1"]

1. c4 Nf6 2. Nc3 e6 3. Nf3 d5 4. e3 c6 5. b3 Bd6 6. Bb2 0-0 7. Be2 Nbd7 8. Qc2 Qe7 9. g4 Nxg4 10. Rg1 Nh6 11. Nxd5 exd5 12. Rxg7+ Kh8 13. Qxh7# 1-0

[Event "Maharashtra op 3rd"]
[Site "Hadapsar"]
[Date "2025.04.26"]
[Round "8"]
[White "Mahitosh, Dey"]
[Black "Srihari, Lakshmi"]
[Result "1/2-1/2"]
[WhiteElo "2226"]
[BlackElo "2377"]
[PlyCount "118"]
[EventDate "2025.04.20"]
[EventType "swiss"]
[EventRounds "10"]
[EventCountry "IND"]
[SourceTitle "CB18_2025"]
[SourceDate "2025.04.30"]
[SourceVersion "1"]
[SourceVersionDate "2025.04.30"]
[SourceQuality "1"]

1. d4 Nf6 2. c4 e6 3. Nf3 b6 4. Bf4 Bb7 5. h3 c5 6. Nc3 cxd4 7. Nxd4 a6 8. a3 d5 9. cxd5 Nxd5 10. Nxd5 Qxd5 11. Nf3 Qxd1+ 12. Rxd1 f6 13. Bd6 Nd7 14. Bxf8 Rxf8 15. e3 Rc8 16. Bd3 Ke7 17. 0-0 b5 18. Rd2 g6 19. Rfd1 Nb6 20. Nd4 Rfd8 21. Nb3 Rd7 22. Na5 Ba8 23. Be2 Rxd2 24. Rxd2 Rc1+ 25. Kh2 Bd5 26. Bf3 Bxf3 27. gxf3 Nd7 28. f4 Nb6 29. Kg2 Nd5 30. Nb3 Rc4 31. Nd4 Kd6 32. Ne2 f5 33. Nc3 Kc5 34. Ne2 Kb6 35. Nd4 Nc7 36. Kf3 a5 37. Ke2 a4 38. Rc2 Kc5 39. Kd3 Rxc2 40. Nxc2 Kd5 41. Nb4+ Kc5 42. Nc2 Kd6 43. Nb4 e5 44. fxe5+ Kxe5 45. f4+ Kd6 46. Nc2 Kc5 47. Nd4 b4 48. axb4+ Kxb4 49. e4 fxe4+ 50. Kxe4 Nb5 51. Ne6 Nd6+ 52. Kd3 Nc4 53. Kc2 Ne3+ 54. Kd2 Nd5 55. Kd3 Nb6 56. Kc2 Nd7 57. h4 Kc4 58. Ng7 Nf6 59. f5 Nd5 1/2-1/2

[Event "Maharashtra op 3rd"]
[Site "Hadapsar"]
[Date "2025.04.20"]
[Round "1"]
[White "Srihari, Lakshmi"]
[Black "Phatak, Aanjaneya"]
[Result "0-1"]
[WhiteElo "2377"]
[BlackElo "2204"]
[PlyCount "146"]
[EventDate "2025.04.20"]
[EventType "swiss"]
[EventRounds "10"]
[EventCountry "IND"]
[SourceTitle "CB18_2025"]
[SourceDate "2025.04.30"]
[SourceVersion "1"]
[SourceVersionDate "2025.04.30"]
[SourceQuality "1"]

1. e4 c5 2. Nf3 d6 3. d4 cxd4 4. Qxd4 Nc6 5. Bb5 Bd7 6. Bxc6 Bxc6 7. Nc3 Nf6 8. Bg5 e6 9. 0-0-0 Be7 10. Bxf6 Bxf6 11. Qxd6 Qxd6 12. Rxd6 Bxc3 13. bxc3 Bxe4 14. Ne5 Bxg2 15. Rg1 Bc6 16. Nxc6 bxc6 17. Rxc6 0-0 18. Rd1 Rfc8 19. Rxc8+ Rxc8 20. Rd7 a5 21. Ra7 Kf8 22. Rxa5 Rxc3 23. Rb5 Rf3 24. a4 Rxf2 25. a5 Rf4 26. Kb2 Ra4 27. Kb3 Ra1 28. Kb4 f5 29. Kc5 Ke7 30. Kb6 f4 31. Rb3 e5 32. a6 Ke6 33. a7 Rxa7 34. Kxa7 e4 35. c4 e3 36. c5 Kd5 37. Kb6 e2 38. c6 e1Q 39. c7 Qe6+ 40. Kb7 Kc4 41. Rb6 Qd7 42. Kb8 Kc5 43. Rb7 Qd6 44. Ka8 Qa6+ 45. Kb8 Qd6 46. Ka7 Qe6 47. Rb8 Qa2+ 48. Kb7 Qb3+ 49. Kc8 Qd5 50. Rb2 Qa8+ 51. Kd7 Qc6+ 52. Kd8 Qd6+ 53. Kc8 f3 54. Rc2+ Kb5 55. Kb7 Qd5+ 56. Kb8 Qe5 57. Ka7 Qd4+ 58. Kb8 Qf4 59. Rb2+ Kc6 60. Rc2+ Kd7 61. Rd2+ Ke7 62. Rc2 Qb4+ 63. Kc8 Qa4 64. Rb2 Qa8+ 65. Rb8 Qa6+ 66. Rb7 Qa8+ 67. Rb8 Qa6+ 68. Rb7 f2 69. Kb8 Qd6 70. Rb1 Qf4 71. Rf1 Qb4+ 72. Kc8 Qb2 73. Rd1 Qb5 0-1

[Event "Bengaluru Namma op 2nd"]
[Site "Bengaluru"]
[Date "2025.04.15"]
[Round "7"]
[White "Srihari, Lakshmi"]
[Black "Ashwin, Sairam"]
[Result "0-1"]
[WhiteElo "2377"]
[BlackElo "2074"]
[PlyCount "76"]
[EventDate "2025.04.10"]
[EventType "swiss"]
[EventRounds "10"]
[EventCountry "IND"]
[SourceTitle "CB18_2025"]
[SourceDate "2025.04.30"]
[SourceVersion "1"]
[SourceVersionDate "2025.04.30"]
[SourceQuality "1"]

1. e4 d6 2. d4 Nf6 3. Nc3 Nbd7 4. f4 e5 5. Be3 c6 6. Qf3 b5 7. 0-0-0 b4 8. Nce2 Qa5 9. Kb1 Nb6 10. fxe5 dxe5 11. dxe5 Be6 12. Nc1 Qxe5 13. Bd4 Qxe4 14. Qf2 Rd8 15. Be2 Ng4 16. Bxg4 Qxg4 17. Nf3 Bd6 18. Bxb6 axb6 19. Qxb6 0-0 20. Ne5 Qxg2 21. Rhg1 Qxh2 22. Nxc6 Rd7 23. Rh1 Qf4 24. Qb5 g6 25. Rd4 Qg3 26. Rdh4 h5 27. Ne2 Qg2 28. Ned4 Qd5 29. Qa4 Bg3 30. Nxb4 Qb7 31. Nxe6 Bxh4 32. Nc6 fxe6 33. Qe4 Bf6 34. c3 Rg7 35. Qxe6+ Kh8 36. Rf1 Qd7 37. Qe4 Re8 38. Qc4 Rc8 0-1

[Event "IND-ch Blitz"]
[Site "Mahilong"]
[Date "2025.03.23"]
[Round "9"]
[White "Srihari, Lakshmi"]
[Black "Aradhya, Garg"]
[Result "0-1"]
[WhiteElo "2225"]
[BlackElo "2354"]
[PlyCount "68"]
[EventDate "2025.03.23"]
[EventType "swiss (blitz)"]
[EventRounds "11"]
[EventCountry "IND"]
[SourceTitle "CB13_2025"]
[SourceDate "2025.03.26"]
[SourceVersion "1"]
[SourceVersionDate "2025.03.26"]
[SourceQuality "1"]

1. e4 e5 2. Nf3 Nc6 3. Bc4 Nf6 4. d3 Bc5 5. c3 d6 6. Bg5 h6 7. Bh4 Be6 8. Nbd2 0-0 9. 0-0 Qe7 10. b4 Bb6 11. a4 a6 12. Re1 Ba7 13. b5 Na5 14. Bxe6 Qxe6 15. d4 Nd7 16. Bg3 Rfe8 17. Rb1 Bb6 18. Nf1 axb5 19. axb5 Nc4 20. Qd3 Ra4 21. Ne3 Nxe3 22. Rxe3 Qc4 23. Qd1 exd4 24. cxd4 Bxd4 25. Rc1 Qxc1 26. Qxc1 Ra1 27. Qxa1 Bxa1 28. Nd2 Nc5 29. Kf1 Bd4 30. Re1 Bc3 31. Re2 Bxd2 32. Rxd2 Nxe4 33. Ra2 g5 34. Ra7 Nd2+ 0-1

[Event "Titled Tuesday intern op 25th Feb Early"]
[Site "Chess.com INT"]
[Date "2025.02.25"]
[Round "2"]
[White "Idnani, Roshan R"]
[Black "Srihari, Lakshmi"]
[Result "0-1"]
[WhiteElo "2082"]
[BlackElo "2366"]
[PlyCount "68"]
[EventDate "2025.02.25"]
[EventType "swiss (blitz)"]
[EventRounds "11"]
[EventCountry "USA"]
[SourceTitle "CB10_2025"]
[SourceDate "2025.03.05"]
[SourceVersion "1"]
[SourceVersionDate "2025.03.05"]
[SourceQuality "1"]

1. e4 c6 2. d4 d5 3. e5 c5 4. dxc5 e6 5. a3 Nc6 6. Nf3 Bxc5 7. b4 Bb6 8. Bb2 f6 9. Nbd2 fxe5 10. Nxe5 Nf6 11. Bd3 0-0 12. 0-0 a5 13. b5 Nxe5 14. Bxe5 Bd7 15. Nf3 Be8 16. Qe2 Bh5 17. Rad1 Qe7 18. Rfe1 Bxf3 19. gxf3 Rae8 20. c4 d4 21. Qb2 Rd8 22. Kh1 Nh5 23. Be4 Qc5 24. Qb1 d3 25. Rxd3 Qxf2 26. Rf1 Qh4 27. Bxh7+ Kh8 28. Bg6 Nf4 29. Rxd8 Rxd8 30. Bxf4 Qxf4 31. Qe4 Qh6 32. Bf7 Rd2 33. Qe5 Qh3 34. Qb8+ Bd8 0-1

[Event "Titled Tuesday intern op 25th Feb Early"]
[Site "Chess.com INT"]
[Date "2025.02.25"]
[Round "6"]
[White "Srihari, Lakshmi"]
[Black "Arunnuntapanich, Tinnakrit"]
[Result "1-0"]
[WhiteElo "2366"]
[BlackElo "2075"]
[PlyCount "91"]
[EventDate "2025.02.25"]
[EventType "swiss (blitz)"]
[EventRounds "11"]
[EventCountry "USA"]
[SourceTitle "CB10_2025"]
[SourceDate "2025.03.05"]
[SourceVersion "1"]
[SourceVersionDate "2025.03.05"]
[SourceQuality "1"]

1. Nf3 Nf6 2. c4 c5 3. Nc3 Nc6 4. e3 e6 5. d4 cxd4 6. exd4 d5 7. cxd5 exd5 8. Bd3 Bg4 9. 0-0 Be7 10. Be2 0-0 11. h3 Bh5 12. Be3 Re8 13. Ne5 Bxe2 14. Nxe2 Rc8 15. Ng3 g6 16. Qf3 Rf8 17. Rad1 Kg7 18. Rfe1 Ng8 19. Qg4 Kh8 20. Bf4 Bf6 21. Nd7 Re8 22. Nxf6 Nxf6 23. Qh4 Ng8 24. Bg5 Qd6 25. Qg4 h6 26. Bf4 Qf6 27. h4 Rcd8 28. Be3 Qe6 29. Qf3 Qf6 30. Qxf6+ Nxf6 31. Bxh6 Rxe1+ 32. Rxe1 Nxd4 33. Bg5 Kg7 34. h5 Ne6 35. h6+ Kh7 36. Bxf6 Rc8 37. Rd1 Rc2 38. Rxd5 g5 39. Bxg5 Kg6 40. Be3 Rxb2 41. Rh5 Kh7 42. Ne4 Rxa2 43. Nf6+ Kh8 44. Rh4 Ra1+ 45. Kh2 a5 46. Rg4 1-0

[Event "Titled Tuesday intern op 25th Feb Early"]
[Site "Chess.com INT"]
[Date "2025.02.25"]
[Round "8"]
[White "Srihari, Lakshmi"]
[Black "Bashirli, Saadat"]
[Result "1-0"]
[WhiteElo "2366"]
[BlackElo "1951"]
[PlyCount "115"]
[EventDate "2025.02.25"]
[EventType "swiss (blitz)"]
[EventRounds "11"]
[EventCountry "USA"]
[SourceTitle "CB10_2025"]
[SourceDate "2025.03.05"]
[SourceVersion "1"]
[SourceVersionDate "2025.03.05"]
[SourceQuality "1"]

1. Nf3 d5 2. c4 c6 3. b3 Nf6 4. Bb2 Bg4 5. g3 e6 6. Bg2 Nbd7 7. 0-0 Bd6 8. d3 0-0 9. Nbd2 h6 10. Rc1 e5 11. h3 Bf5 12. cxd5 cxd5 13. a3 Qe7 14. b4 Rfc8 15. e4 dxe4 16. Nh4 Rxc1 17. Qxc1 Be6 18. dxe4 Nb6 19. Nf5 Bxf5 20. exf5 Rc8 21. Qd1 Qe8 22. Ne4 Nxe4 23. Bxe4 Bf8 24. f6 g6 25. Bxb7 Rc7 26. Be4 Nc4 27. Bc1 Qe6 28. Qf3 Qxh3 29. Bd5 Nd6 30. Be3 Nf5 31. Rd1 h5 32. Bg5 h4 33. gxh4 Qxf3 34. Bxf3 Rc3 35. Be4 Nd6 36. Bh6 Nxe4 37. Rd8 Nxf6 38. Bxf8 Kh7 39. a4 Rc4 40. a5 Rxh4 41. Bc5 Rc4 42. Ra8 Ne4 43. Be7 Rc7 44. Bd8 Rb7 45. a6 Rd7 46. Ba5 Nd6 47. Rb8 Kg7 48. b5 e4 49. b6 axb6 50. Bxb6 Nb5 51. Bc5 Rd1+ 52. Kg2 Nc7 53. a7 Rd2 54. Rb7 Na8 55. Be3 Ra2 56. Rb8 Nc7 57. Bd4+ f6 58. Rb7 1-0

[Event "Titled Tuesday intern op 11th Feb Early"]
[Site "Chess.com INT"]
[Date "2025.02.11"]
[Round "11"]
[White "Checa, Nicolas D"]
[Black "Srihari, Lakshmi"]
[Result "1-0"]
[WhiteElo "2507"]
[BlackElo "2366"]
[PlyCount "77"]
[EventDate "2025.02.11"]
[EventType "swiss (blitz)"]
[EventRounds "11"]
[EventCountry "USA"]
[SourceTitle "CB08_2025"]
[SourceDate "2025.02.19"]
[SourceVersion "1"]
[SourceVersionDate "2025.02.19"]
[SourceQuality "1"]

1. d4 Nf6 2. c4 g6 3. Nc3 Bg7 4. e4 d6 5. Nf3 0-0 6. Be2 e5 7. 0-0 exd4 8. Nxd4 Re8 9. f3 c6 10. Kh1 Nbd7 11. Bf4 Nh5 12. Bxd6 Qf6 13. Nb3 Nf4 14. c5 a5 15. a4 Ne5 16. g3 Nxe2 17. Qxe2 g5 18. f4 gxf4 19. gxf4 Ng6 20. e5 Qh4 21. Nd4 Bg4 22. Qf2 Qh5 23. f5 Nxe5 24. f6 Bf8 25. Rg1 Ng6 26. Qg3 Bd7 27. Rae1 Bh6 28. Re7 Rxe7 29. fxe7 Bg7 30. Nf3 Re8 31. Ne4 Qd5 32. Re1 Bf5 33. Nc3 Qd3 34. Nh4 Nxh4 35. Qxh4 Qf3+ 36. Kg1 Kh8 37. Qf2 Qd3 38. Rd1 Bd4 39. Qxd4+ 1-0

[Event "Titled Tuesday intern op 11th Feb Early"]
[Site "Chess.com INT"]
[Date "2025.02.11"]
[Round "10"]
[White "Maksimovic, Bojan"]
[Black "Srihari, Lakshmi"]
[Result "0-1"]
[WhiteElo "2505"]
[BlackElo "2366"]
[PlyCount "68"]
[EventDate "2025.02.11"]
[EventType "swiss (blitz)"]
[EventRounds "11"]
[EventCountry "USA"]
[SourceTitle "CB08_2025"]
[SourceDate "2025.02.19"]
[SourceVersion "1"]
[SourceVersionDate "2025.02.19"]
[SourceQuality "1"]

1. c4 Nf6 2. Nf3 g6 3. Nc3 Bg7 4. e4 d6 5. d4 0-0 6. Be2 e5 7. d5 Nh5 8. g3 Qe8 9. Ng1 Nf6 10. h4 h5 11. f3 a5 12. Nh3 Na6 13. Ng5 Nc5 14. Be3 Qe7 15. Qc2 Bd7 16. Qd2 c6 17. 0-0 cxd5 18. cxd5 Rfc8 19. Rfb1 a4 20. Rc1 Nh7 21. Kf2 f5 22. Nxh7 Kxh7 23. Bg5 Qe8 24. Kg2 b5 25. exf5 gxf5 26. Nd1 e4 27. f4 a3 28. bxa3 Bxa1 29. Rxa1 Rxa3 30. Qb2 Rca8 31. Qf6 Qg6 32. Qe7+ Kg8 33. Kh3 Re8 34. Qf7+ Qxf7 0-1

[Event "Titled Tuesday intern op 11th Feb Early"]
[Site "Chess.com INT"]
[Date "2025.02.11"]
[Round "9"]
[White "Srihari, Lakshmi"]
[Black "Al Tarbosh, Ward"]
[Result "1-0"]
[WhiteElo "2366"]
[BlackElo "2235"]
[PlyCount "75"]
[EventDate "2025.02.11"]
[EventType "swiss (blitz)"]
[EventRounds "11"]
[EventCountry "USA"]
[SourceTitle "CB09_2025"]
[SourceDate "2025.02.27"]
[SourceVersion "1"]
[SourceVersionDate "2025.02.27"]
[SourceQuality "1"]

1. Nf3 Nf6 2. g3 c5 3. Bg2 Nc6 4. 0-0 e6 5. d3 d5 6. Nbd2 Bd6 7. e4 Qc7 8. Re1 0-0 9. c3 b6 10. Qe2 dxe4 11. dxe4 e5 12. Nf1 a5 13. Ne3 Ba6 14. Qc2 b5 15. Nf5 Rfe8 16. Bg5 Nd7 17. Rad1 Bf8 18. Bh3 Nb6 19. Ne3 f6 20. Nd5 Nxd5 21. exd5 fxg5 22. Nxg5 g6 23. dxc6 Qxc6 24. Bd7 Qf6 25. Ne4 Qe7 26. Bxe8 Rxe8 27. Rd7 Qe6 28. Red1 Be7 29. R7d6 Qc8 30. Qd2 Bb7 31. Nf6+ Bxf6 32. Rxf6 Bc6 33. Qd6 Qg4 34. Re1 Rc8 35. Qxe5 Bd7 36. Qd5+ Kg7 37. Rf7+ Kh6 38. Qxd7 1-0

[Event "Titled Tuesday intern op 11th Feb Early"]
[Site "Chess.com INT"]
[Date "2025.02.11"]
[Round "2"]
[White "Srihari, Lakshmi"]
[Black "Fikiet, Alex M"]
[Result "1-0"]
[WhiteElo "2366"]
[BlackElo "2151"]
[PlyCount "79"]
[EventDate "2025.02.11"]
[EventType "swiss (blitz)"]
[EventRounds "11"]
[EventCountry "USA"]
[SourceTitle "CB09_2025"]
[SourceDate "2025.02.27"]
[SourceVersion "1"]
[SourceVersionDate "2025.02.27"]
[SourceQuality "1"]

1. Nf3 Nf6 2. g3 b6 3. Bg2 Bb7 4. 0-0 g6 5. c4 Bg7 6. b3 Ne4 7. d4 c5 8. Bb2 Qc7 9. Nbd2 Nxd2 10. Qxd2 cxd4 11. Nxd4 Bxg2 12. Kxg2 0-0 13. Rad1 d6 14. Kg1 Nc6 15. Nb5 Qd7 16. Bxg7 Kxg7 17. h4 Qg4 18. Nc7 Rac8 19. Nd5 Rfe8 20. Kg2 Qe4+ 21. f3 Qe6 22. e4 Ne5 23. h5 Rc5 24. Rh1 h6 25. hxg6 Qxg6 26. Nf4 Qh7 27. Rh5 Ng6 28. Rdh1 Nxf4+ 29. Qxf4 Rxh5 30. Rxh5 Rc8 31. Qg4+ Qg6 32. Qh4 Rc5 33. Rxc5 bxc5 34. Qxe7 h5 35. Qh4 Kh6 36. Qf4+ Kg7 37. Kh3 Qe6+ 38. Kh4 Qe7+ 39. Qg5+ Qxg5+ 40. Kxg5 1-0

[Event "Titled Tuesday intern op 11th Feb Early"]
[Site "Chess.com INT"]
[Date "2025.02.11"]
[Round "7"]
[White "Srihari, Lakshmi"]
[Black "Guerra Tulcan, Lenin"]
[Result "1-0"]
[WhiteElo "2366"]
[BlackElo "2310"]
[PlyCount "61"]
[EventDate "2025.02.11"]
[EventType "swiss (blitz)"]
[EventRounds "11"]
[EventCountry "USA"]
[SourceTitle "CB09_2025"]
[SourceDate "2025.02.27"]
[SourceVersion "1"]
[SourceVersionDate "2025.02.27"]
[SourceQuality "1"]

1. Nf3 c5 2. g3 e6 3. Bg2 Nf6 4. 0-0 d5 5. d3 Be7 6. Nbd2 0-0 7. e4 Nbd7 8. e5 Ne8 9. Re1 b5 10. Nf1 Bb7 11. h4 d4 12. h5 h6 13. N1h2 Bd5 14. Ng4 f5 15. exf6 Nexf6 16. Nxf6+ Nxf6 17. Ne5 Bxg2 18. Kxg2 Qd5+ 19. Kg1 Bd6 20. Bf4 Nh7 21. Ng6 Rf6 22. Qg4 Ng5 23. Bxg5 Qxg5 24. Qxg5 hxg5 25. Re4 Kf7 26. g4 Bf4 27. Rae1 Bd6 28. Kg2 Rc8 29. R1e2 Rxg6 30. hxg6+ Kf6 31. Rxe6# 1-0

[Event "Titled Tuesday intern op 04th Feb Early"]
[Site "Chess.com INT"]
[Date "2025.02.04"]
[Round "5"]
[White "Azar, Sebastien"]
[Black "Srihari, Lakshmi"]
[Result "0-1"]
[WhiteElo "1985"]
[BlackElo "2366"]
[PlyCount "78"]
[EventDate "2025.02.04"]
[EventType "swiss (blitz)"]
[EventRounds "11"]
[EventCountry "USA"]
[SourceTitle "CB07_2025"]
[SourceDate "2025.02.12"]
[SourceVersion "1"]
[SourceVersionDate "2025.02.12"]
[SourceQuality "1"]

1. e4 c6 2. d4 d5 3. Nc3 dxe4 4. Nxe4 Nf6 5. Nxf6+ exf6 6. c3 Bd6 7. Bd3 0-0 8. Qc2 Re8+ 9. Ne2 h5 10. Be3 Nd7 11. 0-0-0 Nf8 12. h3 Be6 13. Kb1 Rc8 14. c4 b5 15. c5 Bc7 16. Nf4 Bxf4 17. Bxf4 Qd5 18. b3 Ng6 19. Be4 Qd7 20. Bd6 Ne7 21. g4 h4 22. Rhg1 Nd5 23. f4 Ne3 24. Qd3 Nxd1 25. Rxd1 Bd5 26. Bf5 Qxf5 27. gxf5 Be4 28. Kc2 Bxd3+ 29. Kxd3 g6 30. a4 bxa4 31. bxa4 Rcd8 32. Rg1 Kh7 33. fxg6+ fxg6 34. Rg4 f5 35. Rxh4+ Kg7 36. Be5+ Rxe5 37. fxe5 g5 38. d5 gxh4 39. d6 Kf7 0-1

[Event "Titled Tuesday intern op 04th Feb Early"]
[Site "Chess.com INT"]
[Date "2025.02.04"]
[Round "2"]
[White "Dudkina, Uliana"]
[Black "Srihari, Lakshmi"]
[Result "0-1"]
[WhiteElo "2005"]
[BlackElo "2366"]
[PlyCount "114"]
[EventDate "2025.02.04"]
[EventType "swiss (blitz)"]
[EventRounds "11"]
[EventCountry "USA"]
[SourceTitle "CB07_2025"]
[SourceDate "2025.02.12"]
[SourceVersion "1"]
[SourceVersionDate "2025.02.12"]
[SourceQuality "1"]

1. d4 Nf6 2. Nf3 g6 3. Bg5 Bg7 4. Nbd2 0-0 5. e4 d6 6. Bd3 c5 7. c3 Nc6 8. 0-0 h6 9. Bh4 g5 10. Bg3 Nh5 11. d5 Nxg3 12. hxg3 Ne5 13. Nxe5 Bxe5 14. f4 Bg7 15. Qh5 e6 16. Bc4 exd5 17. Bxd5 Be6 18. Nf3 Bxd5 19. exd5 gxf4 20. gxf4 Qf6 21. Nh4 Rfe8 22. Nf5 Bf8 23. Rf3 Kh7 24. Rg3 Re4 25. Qg4 Qg6 26. Qh3 Qf6 27. Rf1 Rae8 28. Rff3 Re2 29. a4 Rxb2 30. Re3 Rb1+ 31. Kh2 Rxe3 32. Rxe3 Rf1 33. Re8 Rxf4 34. Rxf8 Qxf5 35. Qg3 Qh5+ 36. Kg1 Qg5 37. Qd3+ Qf5 38. Qg3 Qg5 39. Qd3+ Kg7 40. Re8 Rf5 41. c4 Qc1+ 42. Kh2 Rh5+ 43. Kg3 Rg5+ 44. Kh2 Qf4+ 45. g3 Qf2+ 46. Kh3 Rh5+ 47. Kg4 Rg5+ 48. Kh3 Qf6 49. Qe2 Re5 50. Rxe5 Qxe5 51. Qg4+ Qg5 52. Qd7 Qh5+ 53. Kg2 Qe2+ 54. Kh3 Qe5 55. Qg4+ Kf6 56. Qh4+ Qg5 57. Qe4 Qf5+ 0-1

[Event "Titled Tuesday intern op 04th Feb Early"]
[Site "Chess.com INT"]
[Date "2025.02.04"]
[Round "10"]
[White "Gokerkan, Cem Kaan"]
[Black "Srihari, Lakshmi"]
[Result "1-0"]
[WhiteElo "2473"]
[BlackElo "2366"]
[PlyCount "63"]
[EventDate "2025.02.04"]
[EventType "swiss (blitz)"]
[EventRounds "11"]
[EventCountry "USA"]
[SourceTitle "CB07_2025"]
[SourceDate "2025.02.12"]
[SourceVersion "1"]
[SourceVersionDate "2025.02.12"]
[SourceQuality "1"]

1. e4 c6 2. d4 d5 3. e5 c5 4. c3 Nc6 5. Be2 cxd4 6. cxd4 Bf5 7. Nf3 e6 8. 0-0 Be7 9. Nc3 Bg6 10. a3 Nh6 11. Bxh6 gxh6 12. Rc1 0-0 13. b4 Rc8 14. Qd2 Kg7 15. Na4 f6 16. b5 Nb8 17. Nc5 Bxc5 18. dxc5 Nd7 19. exf6+ Qxf6 20. c6 bxc6 21. bxc6 Nb6 22. Ba6 Rc7 23. Rfe1 Be4 24. Nd4 e5 25. Nb5 Rxc6 26. Rxc6 Qxc6 27. Nxa7 Qa4 28. Qe2 Ra8 29. Qg4+ Bg6 30. Qe6 Rxa7 31. Qxe5+ Kg8 32. Qb8+ 1-0

[Event "Titled Tuesday intern op 04th Feb Early"]
[Site "Chess.com INT"]
[Date "2025.02.04"]
[Round "4"]
[White "Srihari, Lakshmi"]
[Black "Ghoreishi Amiri, Seyed Kian"]
[Result "0-1"]
[WhiteElo "2366"]
[BlackElo "2020"]
[PlyCount "78"]
[EventDate "2025.02.04"]
[EventType "swiss (blitz)"]
[EventRounds "11"]
[EventCountry "USA"]
[SourceTitle "CB07_2025"]
[SourceDate "2025.02.12"]
[SourceVersion "1"]
[SourceVersionDate "2025.02.12"]
[SourceQuality "1"]

1. Nf3 Nf6 2. g3 g6 3. Bg2 Bg7 4. 0-0 0-0 5. d3 d5 6. Nbd2 c5 7. e4 Nc6 8. exd5 Nxd5 9. Nc4 e5 10. Re1 f6 11. Nfd2 Be6 12. Ne4 b6 13. a4 Qd7 14. a5 h6 15. c3 f5 16. Ned2 b5 17. Ne3 Rad8 18. Nb3 Qe7 19. Nxd5 Bxd5 20. Be3 Bxg2 21. Kxg2 c4 22. Bc5 Qb7 23. a6 Qa8 24. Bxf8 Bxf8 25. Nd2 Rxd3 26. Kg1 Qd8 27. Re2 e4 28. Qe1 Ne5 29. Kg2 Nf3 30. Nxf3 exf3+ 31. Kg1 fxe2 32. Qxe2 Qe7 33. Qf1 Rd2 34. Re1 Qd7 35. Qg2 Bc5 36. Qa8+ Kg7 37. Re8 Bxf2+ 38. Kg2 Bc5+ 39. Kf3 Qd3+ 0-1